NBA Scoring Leaders by Decade - Statistics

General Stats
  • This quiz has been taken 272 times
  • The average score is 44 of 80
Answer Stats
Hint Answer % Correct
2020's LeBron James
99%
2010's LeBron James
99%
2000's Kobe Bryant
94%
1990's Michael Jordan
94%
2010's Kevin Durant
90%
1960's Jerry West
89%
2010's Stephen Curry
89%
2020's James Harden
87%
2010's James Harden
87%
1980's Kareem Abdul-Jabbar
87%
1970's Kareem Abdul-Jabbar
87%
1990's Karl Malone
87%
1980's Moses Malone
86%
1960's Wilt Chamberlain
86%
2010's Russell Westbrook
84%
1980's Larry Bird
83%
2020's Giannis Antetokounmpo
80%
2000's Tim Duncan
79%
1990's Hakeem Olajuwon
76%
2000's Allen Iverson
75%
2000's Dirk Nowitzki
75%
2000's Kevin Garnett
75%
1990's Scottie Pippen
75%
2010's Dwyane Wade
74%
1990's David Robinson
73%
1960's Oscar Robertson
69%
1990's Patrick Ewing
69%
1960's Bob Pettit
68%
1950's Bob Pettit
68%
2020's Luka Doncic
68%
1950's Bob Cousy
67%
1990's Charles Barkley
67%
2000's Paul Pierce
67%
2000's Tracy McGrady
67%
2020's Damian Lillard
65%
2010's Carmelo Anthony
64%
1960's Elgin Baylor
64%
1950's George Mikan
63%
2000's Vince Carter
62%
2000's Ray Allen
60%
1970's John Havlicek
59%
1980's George Gervin
57%
2020's Devin Booker
56%
1990's Reggie Miller
56%
1970's Elvin Hayes
54%
1960's Sam Jones
52%
1980's Alex English
51%
1980's Dominique Wilkins
51%
1950's Dolph Schayes
50%
2020's Trae Young
50%
1970's Bob McAdoo
48%
2010's DeMar DeRozan
47%
2010's Blake Griffin
46%
1970's Pete Maravich
46%
1980's Adrian Dantley
43%
2020's Bradley Beal
43%
2010's LaMarcus Aldridge
41%
1950's Paul Arizin
41%
1960's Hal Greer
35%
2020's Donovan Mitchell
34%
1980's Mike Mitchell
34%
1970's Bob Lanier
29%
1990's Mitch Richmond
28%
1970's Gail Goodrich
27%
1950's Bill Sharman
23%
1990's Glen Rice
23%
1950's Neil Johnston
21%
2020's Zach LaVine
20%
1980's Mark Aguirre
17%
1960's Walt Bellamy
17%
2000's Antawn Jamison
16%
1970's Lou Hudson
15%
1970's Bob Dandridge
14%
1950's Ed Macauley
13%
1950's Vern Mikkelsen
12%
1970's Calvin Murphy
11%
1960's Bailey Howell
9%
1980's Reggie Theus
8%
1950's Larry Foust
7%
1960's Dick Barnett
2%
No matching quizzes found
Score Distribution
Percent of People with Each Score
Percentile by Number Answered
Your Score History
You have not taken this quiz